000 00393cam a22001097a 4500
008 180718b1961 xxu||||| |||| 00| 0 eng d
082 _aR603x5442 M278f
245 _aFactories act, 1948 and the Bombay factories rules, 1950
_cby Industries and Labour Department
260 _aBombay
_bGovernment Central Press
_c1961
300 _aiii, 302p
700 _aMaharashtra Industries and Labour Department
999 _c496141
_d496141